000 00533nam a2200133Ia 4500
008 200915s9999 xx 000 0 und d
020 _a978-971-014-586-7
100 _aMelon-Galvez, Susana
245 _cSusana Melon-Galvez, Christina D. Vicencio, Janica D. Viloria, Emmanuel G. Morata, Mira Villapana.--
_aThe Six skills in purposive commuication /
260 _aBulacan :
_bSt. Andew Publishing House
_c2019
300 _ax , 301 pages :
_billustrations ;
_c25 cm.
650 _aCommunication and culture.
650 _aCommunication.
999 _c364237
_d364237